La araña que vuela /
Guardado en:
| Autor Principal: | |
|---|---|
| Otros Autores: | |
| Formato: | Libro |
| Publicado: |
Buenos Aires :
Sudamericana,
2013
|
| Edición: | 2a. ed. |
| Series: | Los Caminadores
|
| Materias: | |
| Etiquetas: |
Agregar Etiqueta
Sin Etiquetas, Sea el primero en etiquetar este registro!
|
| LEADER | 00988nam a22002895a 4500 | ||
|---|---|---|---|
| 001 | CEM.cems015123 | ||
| 008 | 130507s2013##################000#0#####d | ||
| 005 | 20240325141239.0 | ||
| 245 | 1 | 0 | |a La araña que vuela / |c Nely Bustamante ; ilustrado Por Cecilia Afonso Esteves |
| 250 | |a 2a. ed. | ||
| 260 | |a Buenos Aires : |b Sudamericana, |c 2013 | ||
| 300 | |a 32 p. | ||
| 490 | 0 | |a Los Caminadores | |
| 020 | |a 9789500742146 | ||
| 100 | 1 | |a Bustamante, Nelvy | |
| 700 | 1 | |a Afonso Esteves, Cecilia; il | |
| 082 | 0 | 4 | |a A868.4 |
| 653 | |a Literatura | ||
| 653 | |a Literatura argentina | ||
| 653 | |a Literatura infantil | ||
| 653 | |a Cuentos infantiles | ||
| 653 | |a Colección ciencias de la educación | ||
| 653 | |a Poesía | ||
| 653 | |a Poesía infantil | ||
| 859 | |a CEMS |b BIB. CEMS - Inicial y Primaria |h A861.4 |i B968 |k IP |p 4337 |t Ej.1 | ||
| 859 | |a CEMS |b BIB. CEMS - Ccias. Educacion |h A868.4 |i B968 |k CE |p 27970.19 |t Ej.1 | ||
| 859 | |a CEMS |b BIB. CEMS - Ccias. Educacion |h A868.4 |i B968 |k CE |p 28585.19 |t Ej.2 | ||
